Statistics for 日本の複々線区間の駅

Click here to take the quiz!

General Stats

  • This quiz has been taken 325 times
    (74 since last reset)
  • The average score is 197 of 282

Answer Stats

Answer% Correct
秋葉原
94%
東京
94%
田端
92%
大宮
92%
神田
92%
新宿
92%
御徒町
92%
上野
92%
鶯谷
92%
日暮里
92%
札幌
91%
西日暮里
91%
名古屋
91%
小田原
91%
浦和
91%
千葉
89%
横浜
89%
代々木
89%
品川
89%
高輪ゲートウェイ
88%
川崎
88%
船橋
88%
錦糸町
88%
飯田橋
88%
四ツ谷
88%
中野
88%
蒲田
88%
北千住
88%
田町
88%
浜松町
88%
新橋
88%
有楽町
88%
さいたま新都心
88%
北浦和
88%
草津
88%
赤羽
88%
大阪
88%
荻窪
86%
三鷹
86%
南浦和
86%
水道橋
86%
御茶ノ水
86%
尼崎
86%
西船橋
86%
川口
86%
東神奈川
86%
鶴見
86%
86%
市川
85%
信濃町
85%
京都
85%
大久保
85%
高槻
85%
新大阪
85%
西明石
85%
阿佐ケ谷
85%
東中野
85%
大森
85%
大井町
85%
藤沢
83%
与野
83%
神戸
83%
取手
83%
松戸
83%
吉祥寺
83%
大船
83%
西荻窪
83%
平塚
83%
高円寺
83%
82%
金山
82%
池袋
82%
市ケ谷
82%
三ノ宮
82%
戸塚
82%
大津
82%
明石
80%
広島
80%
東十条
80%
南草津
80%
西川口
80%
津田沼
80%
我孫子
80%
山科
80%
小岩
80%
東戸塚
79%
千駄ケ谷
79%
尾久
79%
新小岩
79%
西千葉
79%
新子安
79%
北柏
79%
綾瀬
79%
茨木
79%
大磯
79%
茅ケ崎
77%
辻堂
77%
武蔵小杉
77%
王子
77%
国府津
77%
二宮
77%
芦屋
76%
西宮
76%
北松戸
76%
幕張
76%
門司
76%
金町
76%
和光市
76%
小倉
76%
保土ケ谷
74%
亀戸
74%
吹田
74%
難波
74%
長岡京
74%
幕張本郷
74%
稲毛
74%
亀有
74%
元町
74%
博多
73%
鶴橋
73%
押上
73%
日吉
73%
須磨
73%
十三
73%
膳所
73%
東船橋
73%
新松戸
73%
天王台
73%
多摩川
71%
大阪上本町
71%
田園調布
71%
下北沢
71%
71%
今宮
71%
代々木上原
71%
本八幡
71%
二子玉川
70%
天王寺
70%
新今宮
70%
登戸
70%
兵庫
70%
尾頭橋
70%
南柏
70%
草加
70%
上中里
70%
京橋
70%
鴨宮
70%
大阪梅田
70%
島本
68%
溝の口
68%
馬橋
68%
新検見川
68%
西大路
68%
西小倉
68%
石山
68%
笹塚
68%
山崎
68%
越谷
68%
小竹向原
68%
平井
67%
中津
67%
甲子園口
67%
青砥
65%
練馬
65%
石神井公園
65%
向日町
65%
新越谷
65%
住吉
65%
新長田
65%
東淀川
65%
布施
65%
成城学園前
65%
曳舟
65%
初台
65%
枇杷島
65%
神宮前
65%
京成高砂
64%
新川崎
64%
元住吉
64%
志木
64%
朝霞
64%
朝霞台
64%
東北沢
64%
白石
64%
天下茶屋
64%
北越谷
64%
下総中山
64%
六甲道
64%
海田市
64%
折尾
62%
摂津富田
62%
桂川
62%
苗穂
62%
舞子
62%
黒崎
62%
新丸子
62%
西新井
62%
竹ノ塚
62%
JR総持寺
62%
二子新地
61%
高津
61%
垂水
61%
狛江
61%
塚本
61%
八幡
61%
喜多見
59%
放出
59%
要町
59%
経堂
59%
摂津本山
59%
今宮戎
59%
とうきょうスカイツリー
59%
千里丘
59%
須磨海浜公園
59%
金沢文庫
58%
摩耶
58%
金沢八景
58%
稲沢
58%
さくら夙川
58%
祖師ヶ谷大蔵
58%
立花
58%
スペースワールド
58%
獨協大学前
58%
豪徳寺
58%
北小金
58%
幡ヶ谷
58%
瀬田
56%
戸畑
56%
千川
55%
門真市
55%
大物
55%
世田谷代田
55%
清州
55%
鴫野
55%
今里
53%
千歳船橋
53%
和泉多摩川
52%
天満橋
52%
練馬高野台
52%
甲南山手
52%
梅ヶ丘
52%
守口市
52%
天神川
52%
鷹取
52%
岸里玉出
52%
岸辺
52%
朝霧
50%
塩屋
50%
小菅
48%
向洋
45%
関目
45%
中村橋
45%
五反野
45%
野江
45%
富士見台
44%
萱島
42%
萩ノ茶屋
42%
谷塚
42%
竹下
42%
新田
41%
千林
41%
住吉大社
41%
枝光
41%
九州工大前
41%
梅島
39%
陣原
38%
住ノ江
38%
土居
36%
粉浜
36%
蒲生
36%
森小路
35%
滝井
35%
古川橋
32%
大和田
30%
西三荘
27%

Score Distribution

Percentile by Number Answered

Percent of People with Each Score

Your Score History

You have not taken this quiz since the last reset